| 000 | 00717nam a2200205 a 4500 | ||
|---|---|---|---|
| 005 | 20231021063550.0 | ||
| 008 | 050307s2004 mx r 000 0 spa d | ||
| 020 | _a9707040637 | ||
| 035 | _aUPN01000138352 | ||
| 049 | _aCG | ||
| 050 | 4 |
_aH62.5 M6 _bA4.4 |
|
| 100 | 1 |
_aAlvarez Mendiola, Germán _930737 |
|
| 245 | 1 | 0 |
_aModelos académicos de ciencias sociales y legitimación científica en México / _cGermán Alvarez Mendiola. |
| 260 |
_aMéxico : _bANUIES, _c2004. |
||
| 300 |
_a443 p. : _bgráfs, tablas |
||
| 440 | 0 |
_aBiblioteca de la educación superior. _pInvestigaciones |
|
| 650 | 4 |
_aCiencias sociales _xInvestigación _zMéxico _910471 |
|
| 650 | 4 |
_aCiencias sociales _xMetodología _96208 |
|
| 905 | _aLibro | ||
| 999 |
_c110500 _d110500 |
||